| 000 | 00681cam2a220020500 4500 | ||
|---|---|---|---|
| 001 | qce00429850 | ||
| 005 | 20190830112729.0 | ||
| 008 | 720519s1970 oru 000 0 eng u | ||
| 035 | _a(Sirsi) r114367 | ||
| 035 | _a(QCAT)lss00218742 | ||
| 035 | _a(UPRA)qce00429850 | ||
| 040 | _dUPRA | ||
| 100 | 1 |
_aPlunkett, Dalton G. _6A22523.1 |
|
| 245 | 1 | 0 | _aStimulus ideas for using selected educational media. |
| 260 |
_a[Portland, OR : _bNorthwest Library Service, _c[c1970] |
||
| 650 | 0 |
_aTeaching -- Aids and devices. _xTeaching -- Aids and devices. _6S3616.1 |
|
| 650 | 0 |
_aAudio-visual education. _6S6529.1 |
|
| 949 |
_aLB1043 _wlcc _i-164308 _mMAIN _tBOOK _lON-SHELF |
||
| 004 | 114367 | ||
| 999 |
_c192211 _d192211 |
||